000 00789nam a2200241 a 4500
001 73153
003 BD-RjUL
005 20211209082344.0
008 170528r19631949enk||||| |||| 001 0 eng d
035 _a(BD-RjUL)73371
040 _aBD-RjUL
_beng
_cBD-RjUL
041 _aeng
082 _223
_a621.31
_bTRE 1963
100 1 _aTropper, H.
_9216389
245 1 0 _aElectric circuit theory :
_ban introduction to steady state and transient theory based on the superposition principle /
_cH. Tropper
260 _aLondon :
_bLongmans,
_c1949 [ Impression 1963 ].
300 _a164 p. :
_bill. ;
_c22 cm.
490 _aElectrical Engineering Series
500 _aIncludes index
650 _aElectric circuits.
_9216390
830 _aElectrical Engineering Series
_9216392
942 _2ddc
_cBK
999 _c73153
_d73153